000 00502nam a2200157 i 4500
001 62447
003 ES-MaACL
005 20230906164653.0
007 t|
008 031121s1971 sp ||||1| spa d
100 1 _aFernández Alba, Antonio.
_949442
245 1 3 _aEl diseño entre la teoría y la praxis /
_cA. Fernández Alba.
260 _a[Barcelona] :
_bColegio Oficial de Arquitectos de Cataluña y Baleares,
_c[1971]
300 _a100 p. :
_bil. ;
_c24 cm.
852 _aES-MaACL
_jC-44121
_bR.79614
999 _c62447
_d62447